| 000 | 01155 a2200217 4500 | ||
|---|---|---|---|
| 001 | 63981 | ||
| 005 | 20260521160828.0 | ||
| 008 | 260521a1982 arg spa d | ||
| 003 | AR-UNSa-BCEJYS | ||
| 040 |
_aAR-UNSa-BCEJYS _bspa _cAR-UNSa-BCEJYS |
||
| 080 |
_a658.012.4 _xGestión. Dirección. Autoridad. Técnicas y métodos de gestión (gestión del conocimiento, Outsourcing, Benchmarking...) |
||
| 245 | 1 | 0 |
_aDiagnóstico industrial _p(Análisis de empresas) |
| 020 | _a978-968-18-0589-0 | ||
| 264 | 1 |
_aMéxico : _bLimusa _c1982 |
|
| 300 |
_a229 p. _c23 cm. |
||
| 505 | _a1. Introducción - 2. Objetivos de una empresa - 3. estructura de una empresa - 4. Los recursos de una empresa - 5. Utilización de equipos y otras máquinas - 6. Materiales - 7. Personal - 8. Dinero (el conjunto de los recursos) - 9. La organización de ventas - 10. La gama de productos: Estructuras de precios - 11. Distribución - 12. Problemas que se presentan cuando hay distintos centros de producción - 13. Comparación de datos inter-empresas(ratios) - | ||
| 041 | _aspa | ||
| 942 | _cBK | ||
| 590 | _aniveau_biblio:m niveau_hierar:0 | ||
| 100 | 1 | _aPennycvick, K. | |
| 999 |
_c36459 _d36459 |
||